MARC

LEADER 00000nam1a2200000 4500
001 259219
005 20231101233351.0
010 |a 5020138460 
020 |a RU  |b 88-23710 
035 |a (RuTPU)RU\TPU\book\282135 
090 |a 259219 
100 |a 20140506d1988 k y0rusy5003 ca 
101 0 |a rus 
200 1 |a Магнитооптика тонких пленок  |f А. К. Звездин, В. А. Котов 
210 |a Москва  |c Наука  |d 1988 
215 |a 192 с.  |c ил. 
225 1 |a Проблемы науки и технического прогресса: ПНТП 
320 |a Библиогр.: с. 186-190. 
606 1 |a Пленки тонкие  |x Оптические свойства  |2 stltpush  |3 (RuTPU)RU\TPU\subj\49229  |9 68030 
610 1 |a ферромагнитные пленки 
610 1 |a магнитные свойства 
610 1 |a магнитооптика 
610 1 |a прозрачные магнетики 
610 1 |a доменная структура 
610 1 |a тонкопленочные материалы 
610 1 |a тонкопленочные микроструктуры 
675 |a 539.216.2  |z rus  |v 3 
700 1 |a Звездин  |b А. К.  |g Анатолий Константинович 
701 1 |a Котов  |b В. А.  |g Вячеслав Алексеевич 
801 0 |a RU  |b RuMRKP  |c 19950417  |g psbo 
801 1 |a RU  |b 63413507  |c 20140506 
801 2 |a RU  |b 63413507  |c 20141110  |g RCR 
942 |c BK